AfD Bundestagsabgeordnete 2024 - Statistiken

Allgemein
  • Dieses Quiz wurde 83 mal gespielt
  • Das Durchschnittsergebnis liegt bei 14 aus 79
Antwortstatistiken
Bildquiz Antwort % Korrekt
Dr. Alice Weidel
99%
Tino Chrupalla
78%
Dr. Alexander Gauland
67%
Stephan Brandner
61%
Beatrix von Storch
59%
Dr. Bernd Baumann
58%
Dr. Christinia Baum
56%
Dr. Gottfried Curio
38%
Albrecht Glaser
34%
Petr Bystron
34%
Markus Frohnmaier
32%
Kay Gottschalk
29%
Peter Boehringer
27%
Karsten Hilse
25%
Norbert Kleinwächter
24%
Roger Beckamp
24%
Nicole Höchst
23%
Dr. Götz Frömming
22%
Hannes Gnauck
22%
Jürgen Braun
22%
Eugen Schmidt
20%
Jan Wenzel Schmidt
20%
Fabian Jacobi
19%
Martin Sichert
19%
Volker Münz
19%
Carolin Bachmann
18%
Jürgen Pohl
18%
Sebastian Münzenmaier
18%
Dr. Marc Jongen
16%
Rüdiger Lucassen
16%
Dr. Dirk Spaniel
15%
Dr. Malte Kaufmann
15%
Dr. Rainer Kraft
15%
Gerrit Huy
15%
Prof. Dr.-Ing.habil. Michael Kaufmann
15%
Enrico Komning
14%
Jan Ralf Nolte
14%
Mariana Iris Harder-Kühnel
14%
Martin Erwin Renner
14%
Martin Reichardt
14%
Steffen Kotré
14%
Stephan Protschka
14%
Leif-Erik Holm
13%
Stefan Keuter
13%
Kay-Uwe Ziegler
11%
Prof. Dr. Harald Weyel
11%
Thomas Ehrhorn
11%
Jörg Schneider
10%
Dr. Michael Espendiller
9%
Martin Hess
9%
Matthias Moosdorf
9%
Marc Bernhard
8%
René Springer
8%
Tobias Matthias Peterka
6%
Andreas Bleck
5%
Dirk Brandes
5%
Frank Rinck
5%
Gereon Bollmann
5%
Gerold Otten
5%
Jörn König
5%
Dr. Christian Wirth
4%
Dr. Rainer Rothfuß
4%
Edgar Naujok
4%
Joachim Wundrak
4%
Jochen Haug
4%
Klaus Stöber
4%
Ulrike Schielk-Ziesing
4%
Dietmar Friedhoff
3%
Manfred Schiller
3%
Marcus Bühl
3%
Steffen Janich
3%
Wolfgang Wiehle
3%
Barbara Benkstein
1%
Bernd Schattner
1%
Mike Moncsek
1%
Peter Felser
1%
René Bochmann
1%
Thomas Dietz
1%
Uwe Schulze
1%
Keine übereinstimmenden Quizze gefunden
Verteilung der Resultate
Anzahl Personen mit jedem Resultat
Perzentil nach korrekt beantworteten Fragen
Ihre Resultats-Entwicklung
Sie haben dieses Quiz noch nicht gespielt